| 000 | 00962nam a2200313 4500 | ||
|---|---|---|---|
| 003 | OSt | ||
| 005 | 20260530115308.0 | ||
| 008 | 260508b1972 nyua ||| |||| 00| 0 eng d | ||
| 020 | _a688000274 | ||
| 020 | _a688050271 | ||
| 040 |
_aICI _bspa _cICI |
||
| 041 | _aeng | ||
| 050 |
_aTR140.S56 _bA87 1972 |
||
| 100 | 1 |
_aSnowdown; _eautor _932395 |
|
| 245 | 1 | 0 |
_aAssignments / _cSnowdon |
| 264 | 1 |
_aNew York : _bWilliam Morrow, _c1972 |
|
| 300 |
_a220 páginas : _bilustraciones |
||
| 336 |
_atexto _2rdacontent |
||
| 337 |
_asin medio _2rdamedia |
||
| 338 |
_avolumen _2rdacarrier |
||
| 500 | _aColección de trabajos fotográficos y assignments editoriales del fotógrafo Snowdon | ||
| 650 | 0 |
_aFotografía artística _92547 |
|
| 650 | 0 |
_aFotoperiodismo _96824 |
|
| 650 | 0 |
_aRetratos fotográficos _932396 |
|
| 650 | 0 |
_aFotógrafos británicos _932397 |
|
| 650 | 0 |
_aFotografía _ySiglo XX _932398 |
|
| 655 |
_2local _aFotolibros _932399 |
||
| 942 |
_2lcc _cBK _n1 |
||
| 999 |
_c13212 _d13212 |
||